000 00390nam a2200109Ia 4500
008 160909s9999 xx 000 0 und d
100 _aWilson, Britta M.
245 _aEngaging diversity: Best practices to create an inclusive work environment
260 _bPepperdine University.
_c2016
650 _aMARKETING MANAGEMENT
856 _uhttp://pqdtopen.proquest.com/doc/1807413499.html?FMT=ABS
999 _c304838
_d304838